000 00840nam a2200253 u 4500
005 20240611063727.0
008 150507s2007 r 000 0 eng d
020 _a9706832726 (10 dígitos)
020 _a9789706832726 (13 dígitos)
035 _aUPN01000203259
049 _aCG
050 4 _aF1221 H9
_bA4.2
100 1 _aAlvarez, Ana
_937330
245 1 0 _aA tejer el mundo :
_bmito huichol /
_cAna Alvarez, Valentina Rojas Loa ; il. Emilienne Limón.
260 _aMéxico :
_bArtes de México,
_c2007.
300 _a[23] p. :
_bprincipalmente il. col.
440 0 _aLibros del Alba
650 4 _aHuicholes
_xReligión y mitología
_922692
650 4 _aHuicholes
_xVida social y costumbres
_910022
700 1 _aRojas Loa, Valentina,
_ecoaut.
700 1 _aLimón, Emilienne,
_eil.
905 _aInfantil
999 _c175360
_d175360